Caribbean islands jetpunk users don't type - Statistics

General Stats
  • This quiz has been taken 23 times
  • The average score is 12 of 54
Answer Stats
Country Answer % Correct
Antigua and XXX Barbuda
82%
Trinidad and XXX Tobago
65%
Saint kitts and XXX Nevis
59%
Netherlands Aruba
53%
Netherlands Bonaire
47%
Netherlands Curaçao
47%
France / Netherlands Saint Martin
47%
Bahamas Eleuthera
41%
France Martinique
41%
United Kingdom Montserrat
41%
United States Puerto Rico
41%
United Kingdom Anguilla
35%
France Guadeloupe
35%
Dominican republic / Haiti Hispaniola
35%
Venezuela Isla Margarita
35%
Bahamas Cat Island
29%
Cuba Cayo Romano
29%
Bahamas Crooked Island
24%
Haiti Gonâve
24%
United Kingdom Grand Cayman
24%
Bahamas Long Islannd
24%
France Marie Galante
24%
United States Saint Croix
24%
United States Saint Thomas
24%
Haiti Tortuga
24%
France Basse-Terre
18%
France Grande-Terre
18%
Bahamas Great Exuma
18%
Bahamas Little Inagua
18%
Bahamas North Andros Island
18%
United Kingdom Tortola
18%
Bahamas Acklins Island
12%
Cuba Cayo Coco
12%
Mexico Cozumel
12%
Bahamas Grand Bahama Island
12%
Bahamas Great Abaco Island
12%
Bahamas Great Inagua Island
12%
Cuba Isla de la Juventud
12%
Bahamas Mayaguana
12%
United Kingdom Middle Caicos
12%
Bahamas New Providence
12%
United Kingdom North Caicos
12%
Bahamas San Salvador Island
12%
Dominican republic Saona island
12%
Cuba Cayo Sabinal
6%
Venezuela La Tortuga island
6%
United Kingdom Providenciales
6%
Honduras Roatan
6%
United States Vieques
6%
Cuba Cayo Fragoso
0%
Cuba Cayo Guajaba
0%
United Kingdom East Caicos
0%
Bahamas Little Abaco Island
0%
Bahamas Rum Cay
0%
No matching quizzes found
Score Distribution
Percent of People with Each Score
Percentile by Number Answered
Your Score History
You have not taken this quiz